Estadísticas para 33 - Concejos de Asturias

Haz click aquí para intentar la prueba.

Estadísticas generales

  • Esta prueba ha sido intentada 1.361 veces
  • La puntuación promedio es 47 de 80

Respuestas en el mapa

Las respuestas están codificadas por una escala verde-roja en el mapa de la prueba según el % correcto abajo.
 

Estadísticas de respuestas

Respuesta% Correcto
Gijón
98%
Oviedo
98%
Avilés
97%
Cangas de Narcea
96%
Llanes
92%
Mieres
87%
Villaviciosa
85%
Ribadesella
84%
Siero
83%
Langreo
80%
Navia
80%
Cangas de Onís
77%
Cudillero
75%
Lena
74%
Tineo
72%
Colunga
70%
Laviana
70%
Gozón
69%
Onís
68%
Tapia de Casariego
67%
Vegadeo
67%
Grado
66%
Noreña
66%
Noreña
66%
San Martín de Oscos
66%
Aller
65%
Muros de Nalón
65%
Cabrales
64%
Llanera
64%
Pravia
64%
Taramundi
64%
Somiedo
62%
Valdes
62%
Castropol
61%
Nava
61%
Castrillón
60%
Ibias
59%
Carreño
58%
Teverga
58%
Peñamellera Alta
56%
Peñamellera Baja
56%
Soto del Barco
56%
Allande
55%
Corvera de Asturias
53%
Degaña
53%
Degaña
53%
San Martín del Rey Aurelio
53%
Piloña
52%
Ribadedeva
52%
Salas
52%
Quirós
51%
Yernes y Tameza
50%
Caravia
49%
Caso
49%
Boal
48%
El Franco
48%
Ponga
48%
Parres
47%
Belmonte de Miranda
46%
Morcín
46%
Santa Eulalia de Oscos
46%
Grandas de Salime
44%
Bimenes
43%
Cabranes
43%
Sobrescobio
43%
Candamo
42%
Coaña
42%
Illas
42%
Proaza
42%
Riosa
40%
Amieva
39%
Ribera de Arriba
38%
Pesoz
37%
Sariego
37%
Villanueva de Oscos
37%
Villayón
37%
Las Regueras
36%
San Tirso de Abres
35%
Santo Adriano
35%
Illano
33%

Distribución de puntuación

Porcentaje por número respondido

Porcentaje de gente con cada puntuación

Historial de tus puntuaciones

No has intentado esta prueba.